Revista de derecho procesal 2017 - 1 : las medidas cautelares en el Código Civil y Comercial de la Nación /

Guardado en:
Formato: Libro
Idioma:Spanish
Publicado: Santa Fe : Rubinzal - Culzoni, 2017.
Edición:1a. ed. rev.
Materias:
Etiquetas: Agregar Etiqueta
Sin Etiquetas, Sea el primero en etiquetar este registro!
LEADER 00755nam a22002175a 4500
001 DER.der013396
008 180615s2017####ag#||||||||||||||#||spa||
005 20230613090952.0
245 1 0 |a Revista de derecho procesal 2017 - 1 :  |b las medidas cautelares en el Código Civil y Comercial de la Nación /  |c Arazi, Roland. 
250 |a 1a. ed. rev. 
260 |a Santa Fe :  |b Rubinzal - Culzoni,  |c 2017. 
300 |a 656 p. 
020 |a 978-987-30-0767-5 
700 1 |a Arazi, Roland,  |e dir. 
700 1 |a Berizonce, Roberto O.,  |e dir. 
700 1 |a Falcón, Enrique M.,  |e dir. 
700 1 |a Peyrano, Jorge W.,  |e dir. 
650 7 |a PRINCIPIO DE BUENA FE 
650 7 |a MEDIDAS ANTICIPATORIAS 
650 7 |a MEDIDA INNOVATORIA 
859 |a DERECHO  |b BIB. DERECHO  |h 347.05  |i REV  |p 008346